| 000 | 00884nam a2200241Ia 4500 | ||
|---|---|---|---|
| 001 | 16215 | ||
| 003 | GE_BSU | ||
| 008 | 181216s||||||||xx |||||||||||||| ||und|| | ||
| 020 | _a978994116293 | ||
| 040 | _cGE_BSU | ||
| 080 | _a821.353.1.09 | ||
| 100 | _aნიკოლეიშვილი,ავთანდილ. | ||
| 245 | _aქართული ლიტერატურა ტ.IV. მეოცე საუკუნე ნაწ.II. | ||
| 245 | _cრედ.ბეგო ბეჟუაშვილი. | ||
| 260 | _aთბილისი | ||
| 260 | _bსაქართველოს მაცნე | ||
| 260 | _c2013 | ||
| 300 | _a478გვ;25სმ. | ||
| 541 | _h20ლ. | ||
| 653 | _aლიტერატურა | ||
| 653 | _aქართული ლიტერატურა ტ.IV. მეოცე საუკუნე ნაწ.II. | ||
| 942 | _cBK | ||
| 999 |
_c49299 _d49299 |
||